| 000 | 01139cam a2200289 a 4500 | ||
|---|---|---|---|
| 001 | 13182155 | ||
| 003 | OSt | ||
| 005 | 20240424124226.0 | ||
| 008 | 030501s2003 gw a b 001 0 eng | ||
| 010 | _a 2003052637 | ||
| 020 | _a3540047581 (softcover : alk. paper) | ||
| 040 |
_aDLC _cDLC _dDLC |
||
| 082 | 0 | 0 |
_a519.22 OKS 2003 _221 |
| 100 | 1 |
_aØksendal, Bernt Karsten _913792 |
|
| 245 | 1 | 0 |
_aStochastic Differential Equations: _ban introduction with applications |
| 250 | _a6th ed. | ||
| 260 |
_aBerlin; _bSpringer, _c2003. |
||
| 300 |
_axxiii, 360 p. : _bill. ; _c24 cm. |
||
| 490 | 0 | _aUniversitext | |
| 504 | _aIncludes bibliographical references,& index. | ||
| 650 | 0 |
_aDifferential equations. _913793 |
|
| 856 | 4 | 2 |
_3Publisher description _uhttp://www.loc.gov/catdir/enhancements/fy0816/2003052637-d.html |
| 856 | 4 | 1 |
_3Table of contents only _uhttp://www.loc.gov/catdir/enhancements/fy0816/2003052637-t.html |
| 906 |
_a7 _bcbc _corignew _d1 _eocip _f20 _gy-gencatlg |
||
| 942 |
_2ddc _cO_SHELF |
||
| 999 |
_c6715 _d6715 |
||